Web enabled commercial applications development using ... Java 2 (Record no. 26778)

000 -LEADER
fixed length control field 00371nam a2200133Ia 4500
008 - FIXED-LENGTH DATA ELEMENTS--GENERAL INFORMATION
fixed length control field 230613s9999||||xx |||||||||||||| ||und||
020 ## - INTERNATIONAL STANDARD BOOK NUMBER
International Standard Book Number 8176563560
082 ## - DEWEY DECIMAL CLASSIFICATION NUMBER
Classification number 005.2762
Item number B3618
100 ## - MAIN ENTRY--PERSONAL NAME
Personal name Bayross, Ivan
245 #0 - TITLE STATEMENT
Title Web enabled commercial applications development using ... Java 2
260 ## - PUBLICATION, DISTRIBUTION, ETC. (IMPRINT)
Place of publication, distribution, etc New Delhi
Name of publisher, distributor, etc BPB Publications
Date of publication, distribution, etc 2001
300 ## - PHYSICAL DESCRIPTION
Extent 975 p.
942 ## - ADDED ENTRY ELEMENTS (KOHA)
Item type Books
Holdings
Withdrawn status Lost status Damaged status Not for loan Permanent location Current location Date acquired Source of acquisition Full call number Barcode Date last seen Koha item type
        IMU Kolkata IMU Kolkata 2023-06-13 Gifted by Shailendra S Kathait (6049) 005.2762 B3618 G00890 2023-06-13 Books
Designed and Maintained by IMU-KC Library, Kolkata Campus © Copyright All Rights Reserved

webs counters

Powered by Koha